Guess the taylor swift song NO HITS - Statistics

General Stats
  • This quiz has been taken 32 times
  • The average score is 212 of 286
Answer Stats
% Correct
a
100%
I
100%
me
100%
my
100%
My
100%
No
100%
You
100%
you
100%
And
96%
and
96%
it
96%
on
96%
The
96%
the
96%
who
96%
for
93%
men
93%
to
93%
we
93%
We
93%
do
89%
get
89%
In
89%
Is
89%
is
89%
She
89%
she
89%
was
89%
when
89%
your
89%
But
85%
but
85%
gonna
85%
like
85%
never
85%
now
85%
of
85%
were
85%
all
81%
did
81%
I've
81%
just
81%
said
81%
Said
81%
up
81%
from
78%
that
78%
then
78%
As
74%
grow
74%
once
74%
Cause
70%
come
70%
could
70%
lost
70%
Lost
70%
mine
70%
Peter
70%
us
70%
With
70%
Are
67%
find
67%
Forgive
67%
you'd
67%
by
63%
didn't
63%
goodbye
63%
lying
63%
something
63%
fearless
59%
feeling
59%
found
59%
has
59%
kids
59%
leader
59%
life
59%
love's
59%
out
59%
those
59%
thought
59%
timing
59%
trying
59%
25
56%
always
56%
days
56%
down
56%
goddess
56%
hold
56%
keep
56%
ribs
56%
around
52%
best
52%
closets
52%
different
52%
easier
52%
let
52%
please
52%
tell
52%
than
52%
wanna
52%
won't
52%
both
48%
burn
48%
CHORUS
48%
CHORUS
48%
feet
48%
galaxies
48%
gets
48%
hoped
48%
lamp
48%
learned
48%
perspective
48%
return
48%
tried
48%
waited
48%
window
48%
beguiling
44%
Boys
44%
chapter
44%
crossing
44%
deep
44%
earned
44%
fantasies
44%
ground
44%
jet
44%
same
44%
sits
44%
still
44%
stream
44%
things
44%
Words
44%
cedar
41%
confess
41%
expired
41%
hang
41%
mind-reader
41%
moon
41%
oceans
41%
preserved
41%
sometimes
41%
turned
41%
woman
41%
heard
37%
lights
37%
mouths
37%
promises
37%
underneath
37%
babes
33%
masqueraded
33%
natural
33%
scene-stealer
33%
shelf
33%
great
30%
you were
30%
No matching quizzes found
Score Distribution
Percent of People with Each Score
Percentile by Number Answered
Your Score History
You have not taken this quiz